[Event "Division de Honor Descenso"]
[Site "Aragon"]
[Date "2011.04.02"]
[Round "9.17"]
[White "Llanes Luno Ricardo"]
[Black "Fernandez Rubio Rafael"]
[Result "1-0"]
[WhiteElo "2224"]
[BlackElo "2054"]

1.e4 d6 2.d4 Nf6 3.Nc3 e5 4.Nf3 Nbd7 5.h3 Be7 6.Be3 O-O 7.Qd2 a6 8.a4 exd4 9.
Nxd4 Nc5 10.Bd3 Re8 11.O-O Bf8 12.f3 d5 13.exd5 Nxd5 14.Bg5 Qd6 15.Bc4 Nxc3
16.Qxc3 Bxh3 17.f4 Bg4 18.f5 Re4 19.Bxf7+ Kxf7 20.Qc4+ Ke8 21.Rae1 Kd7 22.Rxe4
Nxe4 23.Bf4 Qe7 24.Qxc7+ Ke8 25.Re1 Qxc7 26.Bxc7 Kd7 27.Rxe4 Bxf5 28.Nxf5 Kxc7
29.Nxg7 Bxg7 30.Re7+ Kb6 31.Rxg7 Rd8 32.Rxh7 Rd2 33.b4 Rxc2 34.Rh6+ Ka7 35.a5
Kb8 36.Rb6 Kc8 37.Kh2 Rc7 38.g3 Kd7 39.Kh3 Ke7 40.g4 Kf7 41.Kh4 Kg7 42.Kg5 Rf7
43.Kh5 Rd7 44.g5 Re7 45.Kg4 Rf7 46.g6 Rd7 47.Kf4 Re7 48.Kf5 Rc7 49.Ke4 Rd7 50.
Ke5 Re7+ 51.Kd6 Re4 52.Kc7 Re7+ 53.Kb8 1-0

[Event "Division de Honor Descenso"]
[Site "Aragon"]
[Date "2011.04.02"]
[Round "9.18"]
[White "Sierra Aguerri Joaquin"]
[Black "Lamas Mercadal Manuel"]
[Result "0-1"]
[WhiteElo "2051"]
[BlackElo "2187"]

1.e4 c5 2.Nc3 Nc6 3.f4 g6 4.Nf3 Bg7 5.Bc4 e6 6.d3 Nge7 7.O-O O-O 8.Bb3 Na5 9.
Qe1 d5 10.Qh4 c4 11.dxc4 dxc4 12.Ba4 a6 13.Rd1 Qc7 14.f5 exf5 15.Bf4 Qb6+ 16.
Kh1 fxe4 17.Qxe7 exf3 18.Bc7 Qf2 19.Rg1 Nc6 20.Bxc6 bxc6 21.Ne4 fxg2+ 22.Rxg2
Qf3 23.Qh4 Bh3 24.Rg1 h6 25.Nd2 Bxg2+ 26.Rxg2 Qd1+ 27.Rg1 Qxd2 28.Bf4 Qd5+ 0-1

[Event "Division de Honor Descenso"]
[Site "Aragon"]
[Date "2011.04.02"]
[Round "9.19"]
[White "Llanes Luno Pedro Alfredo"]
[Black "Vera Jimenez Andres"]
[Result "0-1"]
[WhiteElo "2174"]
[BlackElo "2006"]

1.e4 c5 2.Nf3 e6 3.d4 cxd4 4.Nxd4 a6 5.Bd3 Bc5 6.c3 Nc6 7.Nf3 Nge7 8.Nbd2 d5
9.O-O Ng6 10.exd5 Qxd5 11.Ne4 Ba7 12.Qe2 Nge5 13.Bc2 O-O 14.Nfg5 f5 15.Nxh7
fxe4 16.Nxf8 Kxf8 17.Bxe4 Qc4 18.Qc2 Bd7 19.b3 Qc5 20.a4 Ke8 21.Ba3 Qb6 22.Qd1
Rc8 23.Bd6 Nf7 24.Qh5 Nd8 25.Rad1 Rc6 26.Bxc6 Qxc6 27.Qh7 Nxd6 28.Qg8+ Ke7 29.
Qxg7+ N8f7 30.Rfe1 Nf5 31.Qg4 Qc5 32.Re2 Bb8 33.h4 Qc7 34.g3 N5h6 35.Qb4+ Ke8
36.Red2 Bc6 37.Qc4 Ke7 38.Qc5+ Ke8 39.Qh5 Ba7 40.Rd8+ Ke7 41.Ra8 Qxg3+ 0-1

[Event "Division de Honor Descenso"]
[Site "Aragon"]
[Date "2011.04.02"]
[Round "9.20"]
[White "Sancho Casale Jesus"]
[Black "Roche Simon Miguel Angel"]
[Result "0-1"]
[WhiteElo "1932"]
[BlackElo "2141"]

1.e4 c5 2.Nc3 Nc6 3.f4 g6 4.Nf3 Bg7 5.Bb5 Nd4 6.O-O a6 7.Bc4 e6 8.d3 Ne7 9.
Nxd4 cxd4 10.Ne2 d5 11.Bb3 O-O 12.e5 Nc6 13.Bd2 f6 14.exf6 Bxf6 15.a3 Qd6 16.
Qe1 a5 17.Qf2 Bd7 18.Rad1 b5 19.Kh1 a4 20.Ba2 b4 21.axb4 Nxb4 22.Bb1 Nc6 23.f5
exf5 24.Bf4 Qb4 25.c3 Qxb2 26.cxd4 a3 27.Bc1 Qb3 28.Bh6 Bg7 29.Bxg7 Kxg7 30.
Nf4 a2 31.Bc2 Qb2 32.Nh5+ Kh8 33.Qh4 Qxd4 34.Rf4 a1=Q 35.Rxd4 Qxd4 36.Nf4 Qf6
0-1

[Event "Division de Honor Descenso"]
[Site "Aragon"]
[Date "2011.04.02"]
[Round "9.22"]
[White "Quintin Navarro Alberto"]
[Black "Alonso Fernandez Revuelta Rodri"]
[Result "1/2-1/2"]
[WhiteElo "2121"]
[BlackElo "2037"]

1.e4 e6 2.d4 d5 3.Nd2 Nf6 4.e5 Nfd7 5.Bd3 c5 6.c3 b6 7.Ne2 Ba6 8.Bxa6 Nxa6 9.
O-O Nab8 10.f4 g6 11.Nf3 Nc6 12.Be3 h5 13.g3 Ne7 14.Kg2 Nf5 15.Bf2 Be7 16.h3
g5 17.g4 Nh6 18.gxh5 Nf5 19.Ng3 Nxg3 20.Bxg3 gxf4 21.Bxf4 Rxh5 22.Kh2 Nf8 23.
Bg3 Qd7 24.Rc1 O-O-O 25.dxc5 bxc5 26.b4 Ng6 27.Rh1 Rdh8 28.Kg2 Rg8 29.Kf2 Rf5
30.c4 d4 31.h4 Qb7 32.h5 Nxe5 33.Bxe5 Rxe5 34.h6 Re3 35.h7 Rh8 36.Rh3 Qxb4 37.
Rc2 Bf6 38.Qh1 Qa4 39.Ne1 Kc7 40.Rxe3 dxe3+ 41.Kxe3 Bd4+ 42.Ke2 Qc6 43.Qh2+ e5
44.Qh5 Qe4+ 45.Kd1 Rxh7 46.Qg5 Qh4 47.Qg2 e4 48.Re2 f5 49.Qg8 Rd7 50.Qa8 Kb6
51.Qb8+ Rb7 52.Qc8 Qg4 53.a4 Rc7 54.a5+ Kc6 55.Qe6+ Kb7 56.a6+ Kb8 57.Qe8+ Rc8
58.Qb5+ Kc7 59.Qb7+ Kd8 60.Qd5+ 1/2-1/2

[Event "Division de Honor Descenso"]
[Site "Aragon"]
[Date "2011.04.02"]
[Round "9.23"]
[White "Carraminana Lopez Luis Antonio"]
[Black "Juberias Segura Santiago"]
[Result "1-0"]
[WhiteElo "2067"]
[BlackElo "2055"]

1.e4 c5 2.Nf3 d6 3.Bb5+ Nd7 4.O-O Nf6 5.Re1 e5 6.c3 a6 7.Bf1 Be7 8.d4 h6 9.
Nbd2 Qc7 10.a4 O-O 11.Nc4 b6 12.d5 Rb8 13.Ne3 g6 14.Qc2 b5 15.axb5 axb5 16.b4
Kg7 17.g3 cxb4 18.cxb4 Qxc2 19.Nxc2 Nb6 20.Na3 Bd7 21.Bd2 Rfc8 22.Nxb5 Nc4 23.
Na7 Nxd2 24.Nxd2 Rc2 25.Nc6 Bxc6 26.dxc6 Rxb4 27.Rec1 Rxd2 28.c7 Rbb2 29.c8=Q
Rxf2 30.Ra8 g5 31.Rc7 Rf3 32.Rxe7 Nd7 33.Qg8+ 1-0

[Event "Division de Honor Descenso"]
[Site "Aragon"]
[Date "2011.04.02"]
[Round "9.24"]
[White "Arregui Unotria Carlos"]
[Black "Vasilev Vas"]
[Result "1-0"]
[WhiteElo "2038"]
[BlackElo "1966"]

1.d4 g6 2.c4 Bg7 3.Nc3 d6 4.e4 c5 5.d5 Bxc3+ 6.bxc3 Qa5 7.Qc2 Nf6 8.f4 Nxe4 9.
Bd3 Nf6 10.Nf3 Nbd7 11.O-O Nb6 12.Re1 Bg4 13.Ng5 Qa4 14.Qb1 Qd7 15.a4 Bf5 16.
a5 Nc8 17.Bxf5 gxf5 18.Qb5 Qxb5 19.cxb5 h6 20.Nf3 Nxd5 21.c4 Nb4 22.Bb2 Rg8
23.Rad1 e6 24.Nh4 Kd7 25.Bf6 a6 26.b6 Nc6 27.Bc3 Rd8 28.Nf3 Rg8 29.h3 N8e7 30.
Bf6 Rg6 31.Ne5+ Nxe5 32.fxe5 Nc8 33.Rd3 d5 34.cxd5 c4 35.dxe6+ Kxe6 36.Rd8
Nxb6 37.Rd6# 1-0

[Event "Division de Honor Descenso"]
[Site "Aragon"]
[Date "2011.04.02"]
[Round "9.25"]
[White "Laliena Solares Luis"]
[Black "Van Ojik Mark"]
[Result "0-1"]
[WhiteElo "2208"]
[BlackElo "2284"]

1.d4 {299MB, Eco2008.ctg, ASUS X51R
} 1...Nf6 2.Bf4 d5 3.e3 g6 4.Nf3 Bg7 5.Be2 Nh5 6.Bg5 c6 7.Nc3 O-O 8.O-O f6 9.
Bh4 Bh6 10.Ne1 Ng7 11.g4 g5 12.Bg3 f5 13.Be5 Nd7 14.Bxg7 Bxg7 15.gxf5 Rxf5 16.
Bd3 Rf8 17.Qh5 h6 18.Nf3 Nf6 19.Qg6 Qe8 20.Ne5 Bh3 21.Rfe1 Qxg6 22.Nxg6 Rfe8
23.e4 dxe4 24.Nxe4 Nd5 25.c3 Rad8 26.Nc5 b6 27.Ne4 e5 28.dxe5 Re6 29.Ng3 Kf7
30.Nh5 Rxg6 31.Bxg6+ Kxg6 32.Nxg7 Kxg7 33.Rad1 Rc8 34.c4 Nf4 35.Rd6 Be6 36.
Red1 Kf7 37.c5 bxc5 38.Kf1 c4 39.b3 Rc7 40.Ke1 c3 41.Rc1 Nd5 42.Rd8 Re7 43.Rd6
Rc7 44.Rd8 Bf5 45.h4 gxh4 46.Rd6 h5 47.Rxc3 Nxc3 48.Rf6+ Kg7 49.Rxf5 Kg6 50.
Rf6+ Kg5 51.f4+ Kg4 52.e6 Nd5 53.Rf7 Rc8 54.f5 Re8 55.Kf2 a5 56.a3 h3 57.b4 a4
58.Kg1 Ne3 59.f6 Rxe6 60.Re7 Rxf6 61.Rxe3 Rf3 62.Re6 Rc3 63.Kh2 Kf4 64.Rh6 Ke4
65.Rxh5 Kd4 66.Rh4+ Kd5 67.Rh5+ Kc4 68.Ra5 Rxa3 69.Rc5+ Kxb4 70.Rxc6 Rc3 71.
Rb6+ Kc5 72.Ra6 a3 73.Ra8 Kc4 74.Rc8+ Kb3 75.Rb8+ Kc2 76.Ra8 Kb2 0-1

[Event "Division de Honor Descenso"]
[Site "Aragon"]
[Date "2011.04.02"]
[Round "9.26"]
[White "Gavin Roche Enrique"]
[Black "Latorre Abad Fernando"]
[Result "1-0"]
[WhiteElo "2241"]
[BlackElo "2100"]

1.d4 f5 2.g3 Nf6 3.Bg2 g6 4.c4 Bg7 5.Nc3 O-O 6.Nh3 d6 7.d5 Na6 8.Nf4 e5 9.dxe6
c6 10.Rb1 g5 11.Nd3 Ng4 12.h4 gxh4 13.Rxh4 Bxe6 14.Qd2 Bxc4 15.b3 Bxd3 16.Qxd3
Qb6 17.e3 Rae8 18.Na4 Ne5 19.Qe2 Qc7 20.Bb2 Bf6 21.Rh5 Nb4 22.Kf1 b5 23.Nc3 d5
24.Rxf5 d4 25.Ne4 dxe3 26.Nxf6+ Rxf6 27.Rxf6 exf2 28.Bxe5 Rxe5 29.Qg4+ 1-0

[Event "Division de Honor Descenso"]
[Site "Aragon"]
[Date "2011.04.02"]
[Round "9.27"]
[White "Cobo Garrido Diego Israel"]
[Black "Lopez Guaita Fernando"]
[Result "1/2-1/2"]
[WhiteElo "2032"]
[BlackElo "2032"]

1.e4 c5 2.Nf3 d6 3.d4 cxd4 4.Nxd4 Nf6 5.Nc3 a6 6.f4 e6 7.Qf3 Be7 8.Bd3 Nc6 9.
Be3 O-O 10.O-O Bd7 11.Rad1 Nxd4 12.Bxd4 e5 13.fxe5 dxe5 14.Bxe5 Bg4 15.Qg3
Bxd1 16.Rxd1 Qb6+ 17.Kh1 Nh5 18.Qh3 Nf6 19.Nd5 Nxd5 20.exd5 g6 21.Rf1 Bd6 22.
Bf6 Rfe8 23.Qh6 Bf8 24.Qf4 Qd6 25.Qf3 Rac8 26.c4 Qd7 27.Bc3 Bg7 28.Bxg7 Kxg7
29.Qf4 Rcd8 30.b4 Qe7 31.Bc2 f5 32.Qd4+ Qe5 33.Qxe5+ Rxe5 34.Bb3 Kf6 35.Kg1
Re2 36.Rd1 b6 37.c5 bxc5 38.bxc5 a5 39.Kf1 Rb2 40.Rd4 Re8 41.Bc4 Re4 42.Rxe4
fxe4 43.Bb3 Ke7 44.d6+ Kd7 45.Ba4+ Kd8 46.Bb3 Kd7 47.Ba4+ Kd8 48.Bb3 Kd7
1/2-1/2

[Event "Division de Honor Descenso"]
[Site "Aragon"]
[Date "2011.04.02"]
[Round "9.28"]
[White "Velamazan Gomez Angel"]
[Black "Sanz Lopez R"]
[Result "0-1"]
[WhiteElo "1966"]
[BlackElo "1935"]

1.d4 Nf6 2.Nf3 c5 3.e3 g6 4.Be2 Bg7 5.O-O b6 6.c3 Bb7 7.Qb3 Qc8 8.Ne5 O-O 9.
Nd2 d6 10.Nef3 Nbd7 11.Re1 Kh8 12.Bd3 d5 13.c4 e6 14.Nf1 Ne4 15.Ng3 f5 16.Bd2
Bf6 17.Rac1 Qe8 18.Qd1 h5 19.cxd5 exd5 20.Bb5 Nxd2 21.Qxd2 h4 22.Ne2 h3 23.Nf4
g5 24.Bxd7 Qxd7 25.Ng6+ Kg7 26.Nxf8 Rxf8 27.g3 Qe7 28.Qd3 g4 29.Ne5 Bxe5 30.
dxe5 Qxe5 31.b4 Rc8 32.bxc5 bxc5 33.Rb1 Rc7 34.Rec1 d4 35.Rxb7 Rxb7 36.exd4
cxd4 37.Rd1 Qd5 38.Kf1 Qg2+ 39.Ke2 Re7+ 40.Kd2 Qxf2+ 41.Kc1 Rc7+ 42.Kb1 Rb7+
0-1

[Event "Division de Honor Descenso"]
[Site "Aragon"]
[Date "2011.04.02"]
[Round "9.29"]
[White "Burillo Rodriguez Carlos"]
[Black "Villuendas Valero Adrian"]
[Result "1-0"]
[WhiteElo "2032"]
[BlackElo "2266"]

1.d4 d5 2.Nf3 Nf6 3.c4 dxc4 4.Nc3 a6 5.a4 Nc6 6.a5 e6 7.e3 Bb4 8.Bxc4 O-O 9.
O-O Bxa5 10.Qe2 Bb6 11.Rd1 Qe7 12.e4 e5 13.Nd5 Nxd5 14.exd5 Na5 15.dxe5 Bg4
16.Bg5 Qb4 17.Rac1 Rae8 18.Ba2 h6 19.e6 fxe6 20.dxe6 Bxf3 21.e7+ Kh8 22.
exf8=Q+ Rxf8 23.gxf3 hxg5 24.f4 g4 25.Rd5 Rf6 26.Rh5+ Rh6 27.Qe8+ Kh7 28.Bg8+
1-0

[Event "Division de Honor Descenso"]
[Site "Aragon"]
[Date "2011.04.02"]
[Round "9.30"]
[White "Valiente Roy Jose Javier"]
[Black "Veras Sanz Marino"]
[Result "1-0"]
[WhiteElo "2092"]
[BlackElo "2051"]

1.Nf3 d6 2.c4 g6 3.Nc3 Bg7 4.g3 e5 5.Bg2 Ne7 6.O-O O-O 7.d3 Nbc6 8.Rb1 a5 9.a3
Be6 10.b4 axb4 11.axb4 Qc8 12.b5 Nd8 13.Ng5 Bd7 14.Nge4 Bh3 15.b6 Bxg2 16.Kxg2
f5 17.Bg5 Ndc6 18.Nd2 h6 19.Bxe7 Nxe7 20.Qb3 c5 21.Kg1 Nc6 22.Nd5 Qd7 23.e3 f4
24.Qd1 Ra2 25.Nf3 fxe3 26.Nxe3 Qf7 27.Kg2 Ne7 28.Nd2 d5 29.cxd5 Nxd5 30.Nxd5
Qxd5+ 31.Ne4 c4 32.Kg1 Ra3 33.Qg4 cxd3 34.Qxg6 d2 35.Rfd1 Rd3 36.Rb2 Rd4 37.
Rbxd2 Qxe4 38.Qe6+ Kh8 39.Rxd4 Qf3 40.R4d2 e4 41.Qd5 Bc3 42.Ra2 Bf6 43.Re1 Bc3
44.Re3 Qf6 45.Rxe4 Rd8 46.Qe6 Qf3 47.Qxh6+ Kg8 48.Qg5+ Kf7 49.Rf4+ 1-0

[Event "Division de Honor Descenso"]
[Site "Aragon"]
[Date "2011.04.02"]
[Round "9.31"]
[White "Galve Guinea Alejandro"]
[Black "Cantin Zaborras Valentin"]
[Result "0-1"]
[WhiteElo "2031"]
[BlackElo "2085"]

1.d4 d5 2.c4 c6 3.Nf3 Nf6 4.Nc3 dxc4 5.a4 Bf5 6.Ne5 e6 7.f3 Bb4 8.e4 Bxe4 9.
fxe4 Nxe4 10.Bd2 Qxd4 11.Nxe4 Qxe4+ 12.Qe2 Bxd2+ 13.Kxd2 Qd5+ 14.Kc3 O-O 15.
Nxc4 b5 16.Ne5 Rd8 17.Qe3 Na6 18.axb5 Nc5 19.Kc2 cxb5 20.Bxb5 Ne4 21.Nc4 Nf6
22.Ba6 Qxg2+ 23.Kb3 Rab8+ 24.Ka2 Qc6 25.Qa3 Nd5 26.Rad1 Qxa6 27.Qxa6 Nb4+ 0-1

[Event "Division de Honor Descenso"]
[Site "Aragon"]
[Date "2011.04.02"]
[Round "9.32"]
[White "Martin Barbero Roberto"]
[Black "Requena Munguira Jorge"]
[Result "1-0"]
[WhiteElo "2020"]
[BlackElo "1983"]

1.d4 d5 2.Nf3 Nf6 3.g3 c6 4.Bg2 g6 5.O-O Bg7 6.Nbd2 O-O 7.Ne5 Ng4 8.Ndf3 f6 9.
Nxg4 Bxg4 10.h3 Bxf3 11.Bxf3 f5 12.a4 e5 13.dxe5 Bxe5 14.Bh6 Re8 15.Qc1 Nd7
16.Rb1 Nf6 17.b4 Qc7 18.c4 d4 19.c5 Bxg3 20.fxg3 Qxg3+ 21.Bg2 Rxe2 22.Qc4+ 1-0

[Event "Preferente Grupo I"]
[Site ""]
[Date "2011.04.02"]
[Round "9.33"]
[White "Garcia Lainez Jose Enrique"]
[Black "Colas Longares Rafael P"]
[Result "0-1"]
[WhiteElo "2116"]
[BlackElo "2302"]

1.e4 e5 2.f4 d5 3.exd5 exf4 4.Nf3 Bd6 5.Bb5+ c6 6.dxc6 Nxc6 7.d4 Ne7 8.O-O O-O
9.Nc3 Bg4 10.Ne2 Qc7 11.c4 Rad8 12.Kh1 Ng6 13.Qe1 Rfe8 14.c5 Bf8 15.Qf2 Be7
16.b3 Bf6 17.Bb2 Re7 18.Rad1 Nb4 19.Ne5 Bh5 20.Bc4 Nd5 21.Nxg6 hxg6 22.Bxd5
Rxe2 0-1

[Event "Preferente Grupo I"]
[Site ""]
[Date "2011.04.02"]
[Round "9.35"]
[White "Gimenez Rebollo Pablo"]
[Black "Garcia Vicente Nieves"]
[Result "0-1"]
[WhiteElo "1975"]
[BlackElo "2220"]

1.e4 c5 2.Nf3 Nc6 3.d4 cxd4 4.Nxd4 e5 5.Nb3 Nf6 6.Nc3 Bb4 7.Bd3 d5 8.exd5 Nxd5
9.Bd2 Be6 10.Nxd5 Qxd5 11.O-O O-O-O 12.Qe2 Bxd2 13.Nxd2 Nb4 14.Rfd1 Nxd3 15.
cxd3 Kb8 16.Nc4 f6 17.a4 Rhe8 18.Rac1 Qd4 19.h3 Bd5 20.b3 Rd7 21.a5 Red8 22.
Qc2 Rc7 23.Qd2 Bf7 24.Qe2 Bg6 25.a6 Bxd3 26.Qe1 b6 27.Na3 Rxc1 28.Rxc1 Qd6 29.
Rd1 Qxa3 30.Rxd3 Rxd3 31.Qe4 Rd1+ 32.Kh2 Qe7 33.Qc4 Rd8 34.Qe4 h6 0-1

[Event "Preferente Grupo I"]
[Site ""]
[Date "2011.04.02"]
[Round "9.36"]
[White "Cabrera Moreno Daniel"]
[Black "Sierra Diego Vicente"]
[Result "1-0"]
[WhiteElo "2193"]
[BlackElo "1901"]

1.d4 f5 2.Bg5 Nf6 3.Bxf6 exf6 4.e3 d5 5.Nd2 Nc6 6.g3 Be6 7.Bg2 Qd7 8.Ne2 g5 9.
c3 h5 10.h4 O-O-O 11.Qa4 Bd6 12.O-O-O Kb8 13.Kb1 Ne7 14.Qxd7 Bxd7 15.c4 dxc4
16.Nxc4 Bb5 17.Nxd6 Rxd6 18.Nc3 Bc4 19.Bf3 g4 20.Be2 Bxe2 21.Nxe2 Nd5 22.Rc1
Re8 23.a3 Ree6 24.Rc5 b6 25.Rc4 Rc6 26.Rhc1 Kb7 27.b3 a5 28.Kb2 b5 29.Rc5 Rxc5
30.Rxc5 c6 31.Kc2 Nxe3+ 32.fxe3 Rxe3 33.Kd2 Rxb3 34.Rc3 Rb2+ 35.Ke3 Rb1 36.Nf4
b4 37.axb4 axb4 38.Rc4 Rb3+ 39.Nd3 Kc7 40.Rxb4 Ra3 41.Rc4 f4+ 42.gxf4 g3 43.
Rc2 Kd6 44.Rg2 Ra1 45.Rxg3 Rh1 46.Nf2 1-0

[Event "Preferente Grupo I"]
[Site ""]
[Date "2011.04.02"]
[Round "9.37"]
[White "Colom Sienes Eduardo"]
[Black "Dominguez Bujeda Jesus"]
[Result "0-1"]
[WhiteElo "2026"]
[BlackElo "2138"]

1.e4 c5 2.Nf3 g6 3.d4 cxd4 4.Nxd4 Nc6 5.Nc3 Bg7 6.Be3 Nf6 7.Bc4 O-O 8.Bb3 e6
9.O-O d5 10.exd5 exd5 11.h3 Na5 12.Qd2 Nc4 13.Bxc4 dxc4 14.Rad1 a6 15.Bh6 Qa5
16.Bxg7 Kxg7 17.Rfe1 Bd7 18.Nf3 Rfe8 19.Qd4 Bc6 20.Re5 Qb4 21.Rxe8 Rxe8 22.Ne5
Qxb2 23.Ng4 Re6 24.Nxf6 Rxf6 25.g4 h6 26.h4 g5 27.hxg5 hxg5 28.Qe3 Qxc2 29.
Qxg5+ Qg6 30.Qxg6+ Kxg6 31.Rd4 b5 32.f4 Bf3 33.f5+ Kg5 34.Kf2 Bc6 35.Kg3 Rh6
36.Ne2 Rh1 37.Rd6 Rh6 38.Rd4 Rh4 39.Ng1 c3 40.Rd6 Rxg4+ 0-1

[Event "Preferente Grupo I"]
[Site ""]
[Date "2011.04.02"]
[Round "9.38"]
[White "Martin Catalan Juan Vicente"]
[Black "Sanmartin Agustin Alvaro"]
[Result "1/2-1/2"]
[WhiteElo "2095"]
[BlackElo "1994"]

1.Nf3 g6 2.g3 Bg7 3.Bg2 d6 4.d4 Nf6 5.c4 c5 6.Nc3 O-O 7.O-O cxd4 8.Nxd4 a6 9.
Bg5 Nbd7 10.Rc1 h6 11.Bd2 Ng4 12.Nc2 Rb8 13.Nb4 Nc5 14.b3 Ne5 15.Ne4 Nxe4 16.
Bxe4 Bh3 17.Bg2 Qd7 18.Nd5 Bxg2 19.Kxg2 b5 20.Ne3 Rfc8 21.Bc3 b4 22.Bd4 h5 23.
f4 Ng4 24.Nxg4 Qxg4 25.Bxg7 Kxg7 26.e4 Rc5 27.Qxg4 hxg4 28.Rcd1 a5 29.Rd5
1/2-1/2

[Event "Preferente Grupo I"]
[Site ""]
[Date "2011.04.02"]
[Round "9.39"]
[White "Sacristan Latorre Alberto"]
[Black "Arpa Pardo Emilio"]
[Result "1-0"]
[WhiteElo "1959"]
[BlackElo "2083"]

1.e4 e6 2.d4 d5 3.Nc3 dxe4 4.Nxe4 Qd5 5.Ng3 c5 6.Be3 cxd4 7.Bxd4 Nc6 8.Be3 Nf6
9.Nf3 Ng4 10.Qxd5 exd5 11.Bd4 Nxd4 12.Nxd4 Bc5 13.Rd1 O-O 14.Be2 f5 15.Bf3 Rd8
16.O-O Ne5 17.Be2 g6 18.Rfe1 Nc6 19.Nb3 Bf8 20.Bf3 Ne7 21.c4 d4 22.Nxd4 Bg7
23.Rxe7 Rxd4 24.Rxg7+ 1-0

[Event "Preferente Grupo I"]
[Site ""]
[Date "2011.04.02"]
[Round "9.40"]
[White "Gomez Calomarde Saul"]
[Black "Gomez Salinas Nestor"]
[Result "0-1"]
[WhiteElo "2023"]
[BlackElo "1845"]

1.d4 g6 2.Bf4 Nf6 3.Nf3 Bg7 4.e3 d6 5.h3 Nh5 6.Bh2 c5 7.c3 Qb6 8.Qc1 cxd4 9.
exd4 O-O 10.Nbd2 Bh6 11.Be2 d5 12.O-O Nf4 13.Re1 Nd7 14.Kh1 Nf6 15.Nb3 Nxh3
16.Qxh6 Ng4 17.Qxh3 Nxf2+ 18.Kg1 Nxh3+ 19.gxh3 Bxh3 20.Bd3 Qf6 21.Nbd2 Rac8
22.Kf2 Qb6 23.Rh1 Qxb2 24.Bf4 Rxc3 25.Rab1 Qa3 26.Rxh3 Rxd3 27.Rbh1 h5 28.Rg3
Kh8 29.Be5+ Kg8 30.Rxh5 Rxd2+ 31.Kf1 Rd1+ 32.Ne1 Rxe1+ 0-1

[Event "Preferente Grupo I"]
[Site ""]
[Date "2011.04.02"]
[Round "9.41"]
[White "Lana Rodriguez David"]
[Black "Antonano Fernandez Avelino"]
[Result "1-0"]
[WhiteElo "2227"]
[BlackElo "2144"]

1.e4 c5 2.Nf3 e6 3.b3 d5 4.exd5 exd5 5.d4 Nf6 6.Be3 cxd4 7.Nxd4 Bb4+ 8.c3 Ba5
9.Be2 O-O 10.O-O Nc6 11.Bf3 Ne5 12.Bg5 Be6 13.Re1 Nxf3+ 14.Qxf3 Re8 15.Nd2 h6
16.Bxf6 Qxf6 17.Qxf6 gxf6 18.Re3 Rac8 19.b4 Bc7 20.N2b3 Bf4 21.Rd3 Bg4 22.g3
Be5 23.f3 Bh5 24.f4 Bxd4+ 25.Nxd4 Be2 26.Rd2 Bg4 27.Rd3 Be2 28.Rd2 Bg4 29.Rc1
Re3 30.Rdc2 Rd3 31.Nb5 Bd1 32.Rb2 a6 33.Nd6 Rc7 34.c4 dxc4 35.Rxc4 Rxc4 36.
Nxc4 Bf3 37.Kf2 Be4 38.Rd2 Rxd2+ 39.Nxd2 Bd5 40.a4 Kf8 41.Ke3 Ke7 42.Kd4 Kd6
43.Nf1 f5 44.Ne3 Be6 45.h3 h5 46.Ng2 f6 47.Ne3 Bd7 48.a5 Be6 49.Nd1 Bd5 50.Ne3
Be6 51.Nd1 Bd5 52.Nb2 Bg2 53.Nc4+ Kc6 54.Ne3 Bxh3 55.Nd5 Kb5 56.Kc3 Bg4 57.
Nxf6 b6 58.axb6 Kxb6 59.Nd7+ Kb5 60.Nf8 Be2 61.Ne6 Bg4 62.Nd4+ Ka4 63.Kc4 Ka3
64.Nc2+ Ka4 65.Ne3 Be2+ 66.Kc3 Bg4 67.Nd5 Bf3 68.Nc7 Be2 69.Ne8 Bg4 70.Kc4 Ka3
71.Kc3 Ka4 72.Nd6 Bh3 73.Kc4 Bg4 74.Kc5 Bh3 75.b5 axb5 76.Nxb5 Kb3 77.Kd4 Kc2
78.Ke5 Kd3 79.Kf6 Ke3 80.Kg5 Kf2 81.Kh4 Bg4 82.Nd6 Kg2 83.Ne8 Kh2 84.Ng7 Kg2
85.Nxh5 Kh2 86.Nf6 Bh3 87.g4 fxg4 88.Nxg4+ Kg2 89.f5 1-0

[Event "Preferente Grupo I"]
[Site ""]
[Date "2011.04.02"]
[Round "9.42"]
[White "Najera de Miguel Pedro"]
[Black "Aparicio Navarro Pedro Jose"]
[Result "0-1"]
[WhiteElo "2020"]
[BlackElo "2179"]

1.c4 Nf6 2.g3 g6 3.Bg2 Bg7 4.Nc3 O-O 5.d3 e5 6.e4 d6 7.Nge2 Be6 8.O-O c6 9.h3
Qd7 10.Kh2 d5 11.exd5 cxd5 12.b3 Nc6 13.Bg5 d4 14.Bxf6 Bxf6 15.Nd5 Bg7 16.Qd2
Ne7 17.Nxe7+ Qxe7 18.b4 h5 19.a4 h4 20.a5 a6 21.b5 Kh7 22.Rfb1 Bh6 23.Qb4
hxg3+ 24.fxg3 Rae8 25.bxa6 bxa6 26.Bc6 Qg5 27.Bxe8 Qf5 28.g4 Qf2+ 29.Kh1 Qf3+
30.Kh2 Qxe2+ 31.Kh1 Qf3+ 32.Kh2 Bf4+ 33.Kg1 Qg3+ 34.Kf1 Qxd3+ 35.Ke1 Qe3+ 36.
Kd1 Qd3+ 0-1

[Event "Preferente Grupo I"]
[Site ""]
[Date "2011.04.02"]
[Round "9.43"]
[White "Munoz Munoz Juan Carlos"]
[Black "Cebollada Pacheco Jesus Raul"]
[Result "1/2-1/2"]
[WhiteElo "2103"]
[BlackElo "1999"]

1.d4 Nf6 2.Nf3 g6 3.g3 Bg7 4.Bg2 d6 5.O-O O-O 6.c4 Nc6 7.Nc3 Bf5 8.d5 Na5 9.
Nd2 c5 10.e4 Bg4 11.Qc2 Rb8 12.f4 Bd7 13.b3 a6 14.h3 b5 15.cxb5 axb5 16.Bb2
Qb6 17.Kh2 b4 18.Ne2 Bb5 19.Rae1 Qa6 20.Rf2 Bd3 21.Qc1 c4 22.bxc4 Nxc4 23.Nxc4
Qxc4 24.Qe3 Ng4+ 25.hxg4 Bxb2 26.Nc1 Bxc1 27.Rxc1 Qa6 28.Rc6 Qa3 29.Rc7 Bb1
1/2-1/2

[Event "Preferente Grupo I"]
[Site ""]
[Date "2011.04.02"]
[Round "9.45"]
[White "Campo Millan Diego"]
[Black "Malo Guillen Jose Luis"]
[Result "0-1"]
[WhiteElo "2108"]
[BlackElo "2183"]

1.e4 d6 2.d4 Nf6 3.Nc3 e5 4.dxe5 dxe5 5.Qxd8+ Kxd8 6.Bc4 Be6 7.Bxe6 fxe6 8.Be3
Bd6 9.Nge2 Nc6 10.O-O-O Ke7 11.f3 a6 12.Nb1 b5 13.Nd2 Na5 14.Kb1 Rhb8 15.Nc1
Nd7 16.Nd3 h6 17.f4 exf4 18.Nxf4 Ne5 19.Rhf1 g5 20.Nd3 Nac4 21.Bd4 Rf8 22.Rxf8
Nxd2+ 23.Rxd2 Rxf8 24.Rd1 Nxd3 25.cxd3 Bxh2 26.Rh1 Rd8 27.Bc5+ Bd6 28.Be3 Bf4
29.Bc5+ Kf7 30.Kc2 Kg6 31.g4 Bd6 32.Be3 Rf8 33.Rg1 Rf3 34.Kd2 Bf4 35.Bxf4 gxf4
36.d4 Re3 37.e5 Kg5 38.Rc1 Kxg4 39.Rxc7 Kf5 40.Rh7 Rh3 41.Rd7 Ke4 42.Rd6 Rh2+
43.Kc3 f3 44.Rxe6 f2 45.Rf6 Rh3+ 46.Kd2 Rf3 0-1

[Event "Preferente Grupo I"]
[Site ""]
[Date "2011.04.02"]
[Round "9.46"]
[White "Alonso Blasco Jose Miguel"]
[Black "Neila Castillo Miguel Angel"]
[Result "1-0"]
[WhiteElo "2130"]
[BlackElo "2082"]

1.e4 Nf6 2.e5 Nd5 3.d4 d6 4.Nf3 g6 5.Bc4 Nb6 6.Bb3 Bg7 7.Ng5 d5 8.f4 h6 9.Nf3
a5 10.a4 h5 11.O-O Bf5 12.Be3 e6 13.Bf2 Bg4 14.Nbd2 Nc6 15.Qe1 Nb4 16.Bh4 Qc8
17.Qe3 Bf5 18.Ne1 Na6 19.c4 dxc4 20.Bxc4 Nxc4 21.Nxc4 Nb4 22.Qa3 Qd7 23.Nxa5
Bf8 24.Qf3 Rxa5 25.Qxb7 f6 26.Bxf6 Qxd4+ 27.Kh1 Rh7 28.Qc8+ Kf7 29.Qxc7+ Kg8
30.Qxa5 Rd7 31.Nf3 Qxf4 32.Rad1 Nd3 33.Qb5 1-0

[Event "Preferente Grupo I"]
[Site ""]
[Date "2011.04.02"]
[Round "9.47"]
[White "Andres Terrado Miguel Angel"]
[Black "Mombiela de Sus Jose Luis"]
[Result "0-1"]
[WhiteElo "2062"]
[BlackElo "2018"]

1.e4 d5 2.exd5 Nf6 3.d4 Nxd5 4.c4 Nb6 5.c5 N6d7 6.Nf3 e5 7.Bc4 Be7 8.O-O O-O
9.Nxe5 Nxe5 10.dxe5 Qxd1 11.Rxd1 Nc6 12.e6 Bxe6 13.Bxe6 fxe6 14.Be3 Bf6 15.Nd2
Rad8 16.Rab1 Rd5 17.Re1 Ne5 18.Ne4 Nd3 19.Nxf6+ gxf6 20.Re2 Kf7 21.b4 Rg8 22.
Rc2 Ne5 23.f3 Nxf3+ 24.Kh1 Nd4 25.Rcb2 e5 26.Rf2 Ke6 27.Rbf1 f5 28.g3 Rg4 29.
a3 Re4 30.Bg5 c6 31.h4 Re2 32.Kg2 Rxf2+ 33.Rxf2 Nb5 34.a4 Nc7 35.Rb2 a6 36.Be3
Rd3 37.Bf2 Ra3 38.b5 axb5 39.axb5 cxb5 40.Rd2 Nd5 41.Rb2 b4 42.Be1 b3 43.Kf3
e4+ 0-1

[Event "Preferente Grupo I"]
[Site ""]
[Date "2011.04.02"]
[Round "9.48"]
[White "Artal Alegria Francisco Javier"]
[Black "Dominguez Luzon Fernando"]
[Result "1/2-1/2"]
[WhiteElo "1972"]
[BlackElo "2006"]

1.d4 Nf6 2.Nf3 e6 3.e3 b6 4.Bd3 Bb7 5.Nbd2 d6 6.Qe2 Nbd7 7.e4 e5 8.c3 c5 9.O-O
Be7 10.d5 O-O 11.Nc4 b5 12.Ne3 c4 13.Bc2 Nc5 14.Nf5 Bc8 15.Nxe7+ Qxe7 16.Ne1
h6 17.b3 cxb3 18.axb3 Bd7 19.b4 Na4 20.Bd2 Nb6 21.Bd3 Rfc8 22.Nc2 Qd8 23.Na3
a6 24.f3 Qc7 25.Rfc1 Nc4 26.Nxc4 bxc4 27.Bc2 a5 28.bxa5 Rxa5 29.Be3 Rca8 30.
Rxa5 Rxa5 31.Rb1 Ra3 32.Bb6 Qc8 33.Qe1 Ra2 34.Qc1 Qa6 35.Rb2 Ra1 36.Rb1 Ra2
37.Rb2 Ra1 38.Rb1 1/2-1/2

[Event "Preferente Grupo I"]
[Site ""]
[Date "2011.04.02"]
[Round "9.49"]
[White "Donoso Sanchez Alejandro"]
[Black "Pes Mateo Angel"]
[Result "1/2-1/2"]
[WhiteElo "2187"]
[BlackElo "2052"]

1.e4 c5 2.Nc3 a6 3.g3 d6 4.Bg2 Nc6 5.d3 Nf6 6.h3 e6 7.f4 Be7 8.Nf3 Qc7 9.O-O
O-O 10.g4 Rb8 11.f5 b5 12.g5 Nd7 13.f6 gxf6 14.gxf6 Bxf6 15.Bh6 b4 16.Ne2 Bxb2
17.Rb1 Bg7 18.Qd2 Qd8 19.Bxg7 Kxg7 20.Ng3 f6 21.Nh5+ Kh8 22.Nh4 Rg8 23.Qh6 Qf8
24.Rxf6 Qxh6 25.Rxh6 Nd4 26.Rf1 Rb7 1/2-1/2

[Event "Preferente Grupo I"]
[Site ""]
[Date "2011.04.02"]
[Round "9.50"]
[White "Forcen Esteban Victor"]
[Black "Sanmiguel Mateo Luis"]
[Result "1/2-1/2"]
[WhiteElo "1945"]
[BlackElo "1950"]

1.e4 c6 2.d4 d5 3.Nd2 dxe4 4.Nxe4 Nd7 5.Bc4 Ngf6 6.Nxf6+ Nxf6 7.Nf3 e6 8.Bg5
Be7 9.c3 O-O 10.O-O Nd5 11.Bxe7 Qxe7 12.Re1 b5 13.Bb3 Bb7 14.Qd3 Nf4 15.Qf5
Qc7 16.Qe5 Rac8 17.Rad1 Qxe5 18.Nxe5 c5 19.g3 Nh3+ 20.Kf1 cxd4 21.Rxd4 Ng5 22.
Rd7 Nf3 23.Re3 Nxe5 24.Rxe5 Rb8 25.Ke1 a6 26.Rc5 Rfd8 27.Rcc7 Rxd7 28.Rxd7 Kf8
29.Bc2 h6 1/2-1/2